Countries with the Most Scientific Researchers per capita - Statistics

General Stats
  • This quiz has been taken 90 times
  • The average score is 13 of 15
Answer Stats
Number per million Answer % Correct
4663 USA
94%
4,224 Australia
90%
5239 Sweden
90%
5468 Norway
89%
5573 Japan
88%
4365 New Zealand
88%
4,260 Canada
86%
5670 Denmark
86%
4,269 UK
86%
7,707 Finland
85%
4627 South Korea
83%
4,123 Austria
78%
7315 Iceland
77%
6088 Singapore
77%
4748 Luxembourg
65%
No matching quizzes found
Score Distribution
Percent of People with Each Score
Percentile by Number Answered
Your Score History
You have not taken this quiz